000 00206 a2200109 4500
020 _a9780974035314
041 _aeng
100 _aNancy Pearl
245 _aWhat Would Dewey Do
942 _cBK
952 _71
999 _c22704
_d22704